Teacher preparation and participation in curriculum improvement : (Record no. 35585)
[ view plain ]
| 000 -LEADER | |
|---|---|
| fixed length control field | 00659nam a22002051a 4500 |
| 003 - CONTROL NUMBER IDENTIFIER | |
| control field | NEGST |
| 005 - DATE AND TIME OF LATEST TRANSACTION | |
| control field | 20170505020003.0 |
| 008 - FIXED-LENGTH DATA ELEMENTS--GENERAL INFORMATION | |
| fixed length control field | 030611s 001 0 eng d |
| 100 1# - MAIN ENTRY--PERSONAL NAME | |
| Personal name | Osiyale, Akin. |
| 245 10 - TITLE STATEMENT | |
| Title | Teacher preparation and participation in curriculum improvement : |
| Remainder of title | an inaugural lecture delivered at the U. of Lagos, Nov. 8, 1989 / |
| Statement of responsibility, etc | Akin Osiyale. |
| Medium | [Text] |
| 260 ## - PUBLICATION, DISTRIBUTION, ETC. (IMPRINT) | |
| Place of publication, distribution, etc | Lagos |
| Name of publisher, distributor, etc | U. of Lagos |
| Date of publication, distribution, etc | c1989,1991 |
| 300 ## - PHYSICAL DESCRIPTION | |
| Extent | 53p. |
| 500 ## - GENERAL NOTE | |
| General note | Includes bibliography. |
| 590 ## - LOCAL NOTE (RLIN) | |
| Local note | Accession number: 18923 |
| 650 #0 - SUBJECT ADDED ENTRY--TOPICAL TERM | |
| Topical term or geographic name as entry element | Teachers |
| General subdivision | Training of. |
| 650 #0 - SUBJECT ADDED ENTRY--TOPICAL TERM | |
| Topical term or geographic name as entry element | Curriculum development. |
| 650 #0 - SUBJECT ADDED ENTRY--TOPICAL TERM | |
| Topical term or geographic name as entry element | Education |
| General subdivision | Africa. |
| 942 00 - ADDED ENTRY ELEMENTS (KOHA) | |
| Koha issues (borrowed), all copies | 2 |
| Withdrawn status | Lost status | Source of classification or shelving scheme | Damaged status | Not for loan | Collection code | Home library | Current library | Shelving location | Date acquired | Cost, normal purchase price | Total Checkouts | Total Renewals | Full call number | Barcode | Date last seen | Date checked out | Copy number | Price effective from | Koha item type |
|---|---|---|---|---|---|---|---|---|---|---|---|---|---|---|---|---|---|---|---|
| Library of Congress Classification | General Circulation | AIU/NEGST - Tony Wilmot Memorial Library | AIU/NEGST - Tony Wilmot Memorial Library | General Stacks | 01/30/2010 | 3.75 | 4 | 1 | LB 2805.15.O82 1991 | R06446Y3232 | 09/02/2019 | 11/29/2018 | 1 | 01/30/2010 | Books |
